00627 2200229 4500001002100000005001500021035002000036007000300056008004100059020002200100082001100122084001700133100002000150245008800170250001000258260003600268300002600304650001700330504002600347990001200373990001200385INLIS00000000000268120190103021428 a0010-0119000033ta190103 g 0 ind  a978-602-401-931-0 a633.88 a633.88 BEN b0 aBENNY, Ciptarja1 aBiocyclus Rahasia Berumur Panjang = The Secret of Being Long Life /cBenny Ciptarja acet.1 aYogyakarta :bDeepublish,c2017 aix, 76 hlm. ;c23 cm. aTANAMAN OBAT aBibliografi : hlm. 76 a16879 a a16879 b